Datum a čas kvízu
33.5
Celkem bodů
Celkový počet nahraných bodů na tomto kvízu bez doplňovacích otázek.
5.
Pořadí na kvízu
Konečné umístění týmu na tomto kvízu.
Zaznamenané odpovědi
| # | Otázka | Odpověď | Body | Výsledky |
|---|---|---|---|---|
| 1. | „Pro ___. Ne pro ___." Doplňte... | vás; politiky | 0.5 | |
| 2. | Koho si vybral Kim Čong-un jak... | A | 1 | |
| 3. | Ve čtvrtek vyšel trailer na no... | bude černobílá | 1 | |
| 4. | V pondělí byl vládou zrušen od... | NERV (Národní ekonomická rada vlády) | 1 | |
| 5. | Fanoušek Manchesteru United, F... | C) ostříhat si vlasy | 1 | |
| 6. | Hned v úvodu bod rozdělíme: za... | Ulánbátar; Altaj | 1 | |
| 7. | Z následujících možností vyber... | A | 1 | |
| 8. | Jak se jmenuje hudební skupina... | The Hu | 0 | |
| 9. | Tato obydlí se v Mongolsku ozn... | jurta | 1 | |
| 10. | Do Mongolska zasadila děj svéh... | babičce | 0 |